| 000 | 01435cam a22002294a 4500 | ||
|---|---|---|---|
| 005 | 20250605163922.0 | ||
| 008 | 250528s ||||||||||||||||||||||||d | ||
| 035 | _a14416 | ||
| 020 | _a1572308567 | ||
| 040 |
_aGR-AtMCL _bgre _dGR-AtMCL _eAACR2 |
||
| 245 | 1 | _aCognitive Therapy of Personality Disorders / Second Edition | |
| 250 | _a2nd | ||
| 260 |
_bThe Guilford Press, _c2004 |
||
| 300 | _a414 | ||
| 520 | _aThe authors in this book demonstrate their groundbreaking cognitive model of the personality disorders. History and Theory and Research, Overview of Cognitive Therapy of Personality Disorders, Theory of Personality Disorders, Assessment of Personality Disorders, General Principles and Specialized Techniques, The Cognitive Therapy Relationship with Personality-Disordered Patients, Clinical Applications, Paranoid Personality Disorder, Schizoid and Schizotypal Personality Disorders, Antisocial Personality Disorder, Borderline Personality Disorder, Histrionic Personality Disorder, Narcissistic Personality Disorder, Dependent Personality Disorder, Avoidant Personality Disorder, Obsessive-Compulsive Personality Disorder, Passive-Aggressive Personality Disorder (Negativistic Personality Disorder), Synthesis and Prospects for the Future, References, Index. | ||
| 700 | 1 |
_aBeck Aaron T. _964 |
|
| 700 | 1 |
_aDavis Denise D _965 |
|
| 700 | 1 |
_aFreeman Arthur _966 |
|
| 942 | _cBK | ||
| 999 |
_c49 _d49 |
||